000 00646nam a2200169 i 4500
001 28621
003 ES-MaACL
005 20230906153911.0
007 t|
008 030117s1945 sp ||||1| spa d
100 1 _aBalguerías Quesada, Eduardo.
_924935
245 1 0 _aSegundo centenario del nacimiento del ilustre botánico hispano-valentino, Dr. Antonio José Cavanilles
_b: (1745-1945) /
_cEduardo Balguerías Quesada.
260 _aJaén :
_b[s.n.,
_c1945] (
_fTalls. Gráfs. "Mas")
300 _a17 p., 7 lám. :
_bretr. aut. ;
_c21 cm.
500 _aEs separata de : El Español, n. 119, 3-II-1945.
852 _aES-MaACL
_j1856-F-2
_bR.21948
999 _c28621
_d28621